[Event "SV Würselen 1 - Brackweder SK 1"]
[Site "NRW-Klasse, Gruppe 1 2010/201"]
[Date "2011.01.09"]
[Round "5.3"]
[White "Ruecker, Bastian"]
[Black "Bogoevski, Jani"]
[Result "0-1"]
[WhiteElo "1747"]
[BlackElo "2158"]
[PlyCount "66"]
[EventDate "2011.??.??"]

1. d4 Nf6 2. Bg5 d5 3. Bxf6 exf6 4. e3 Bd6 5. g3 Bf5 6. Bg2 c6 7. Ne2 Nd7 8.
O-O h5 9. Nd2 h4 10. e4 dxe4 11. Re1 Kf8 12. Nc3 Qc7 13. Ndxe4 Bb4 14. d5 Ne5
15. dxc6 bxc6 16. Qd4 a5 17. Rad1 hxg3 18. Nxg3 Bxc2 19. Rd2 Bg6 20. f4 Ng4 21.
f5 Bh5 22. Nxh5 Rxh5 23. Qxg4 Qxh2+ 24. Kf1 Bc5 25. Qe4 Rh4 26. Qxc6 Rf4+ 27.
Bf3 Qg1+ 28. Ke2 Qe3+ 29. Kd1 Qxf3+ 30. Qxf3 Rxf3 31. Rh2 Rd8+ 32. Kc1 Be3+ 33.
Kc2 Bh6 0-1

[Event "SV Würselen 1 - Brackweder SK 1"]
[Site "NRW-Klasse, Gruppe 1 2010/201"]
[Date "2011.01.09"]
[Round "5.4"]
[White "Andok, Claus Michael"]
[Black "Spisla, Dominik"]
[Result "1/2-1/2"]
[WhiteElo "2082"]
[BlackElo "1834"]
[PlyCount "41"]
[EventDate "2011.??.??"]

1. d4 d5 2. Nf3 e6 3. e3 Nf6 4. Bd3 Be7 5. Nbd2 Nbd7 6. O-O c5 7. c3 O-O 8. Qe2
b6 9. b3 Bb7 10. Bb2 Ne4 11. c4 f5 12. Ne5 Ndf6 13. f3 Nxd2 14. Qxd2 Rc8 15.
Rac1 Bd6 16. Rfd1 Qe7 17. cxd5 cxd4 18. exd4 Bxe5 19. dxe5 Nxd5 20. Bc4 Rfd8
21. Bxd5 1/2-1/2

[Event "SV Würselen 1 - Brackweder SK 1"]
[Site "NRW-Klasse, Gruppe 1 2010/201"]
[Date "2011.01.09"]
[Round "5.5"]
[White "Willenberg, Max"]
[Black "Heinichen, Nils"]
[Result "0-1"]
[WhiteElo "1952"]
[BlackElo "2034"]
[PlyCount "70"]
[EventDate "2011.??.??"]

1. e4 c5 2. Nf3 Nc6 3. d4 cxd4 4. Nxd4 e5 5. Nb5 d6 6. N1c3 a6 7. Na3 b5 8. Nd5
Nf6 9. c4 b4 10. Nc2 a5 11. Bg5 Be7 12. Bxf6 Bxf6 13. Be2 Bg5 14. Bg4 O-O 15.
h4 Bh6 16. Bxc8 Rxc8 17. g4 Bf4 18. Qf3 Re8 19. g5 Ne7 20. Nxf4 exf4 21. b3 d5
22. exd5 Nxd5+ 23. Kf1 Nc3 24. Kg2 Qd2 25. Ne1 Rcd8 26. c5 Ne4 27. Kh2 Nxf2 28.
Rf1 Ng4+ 29. Kh3 Re3 30. Kxg4 Qd7+ 31. Kxf4 Qd4+ 32. Kg3 Qe5+ 33. Kg2 Rd2+ 34.
Rf2 Rxf3 35. Rxd2 Qg3+ 0-1

[Event "SV Würselen 1 - Brackweder SK 1"]
[Site "NRW-Klasse, Gruppe 1 2010/201"]
[Date "2011.01.09"]
[Round "5.7"]
[White "Grzonka, Raphael"]
[Black "Vossen, Peter"]
[Result "0-1"]
[WhiteElo "1816"]
[BlackElo "1978"]
[PlyCount "36"]
[EventDate "2011.??.??"]

1. e4 c5 2. Nf3 e6 3. d4 cxd4 4. Nxd4 Nf6 5. Nc3 Nc6 6. Be3 Bb4 7. f3 d5 8. Bd3
O-O 9. O-O Bc5 10. Nce2 Qb6 11. c3 e5 12. b4 Bxd4 13. cxd4 exd4 14. Bd2 Ne5 15.
Bg5 Bd7 16. Bxf6 gxf6 17. exd5 Nxd3 18. Qxd3 Bb5 0-1

[Event "SV Würselen 1 - Brackweder SK 1"]
[Site "NRW-Klasse, Gruppe 1 2010/201"]
[Date "2011.01.09"]
[Round "5.8"]
[White "Masic, Almir"]
[Black "Peters, Stephan"]
[Result "0-1"]
[WhiteElo "2000"]
[BlackElo "1760"]
[Annotator "Hausrath,Daniel"]
[PlyCount "80"]
[EventDate "2011.??.??"]

1. d4 d5 2. Bf4 e6 3. e3 Bd6 4. Bg3 Nf6 5. Nf3 O-O 6. Nbd2 c5 7. c3 Nc6 8. Bd3
cxd4 9. exd4 Qc7 10. Qe2 a6 11. Ne5 b5 12. a3 Na5 13. Bh4 Be7 14. g4 Nc4 15.
Rb1 Bb7 16. f3 a5 17. O-O Ne8 18. Bg3 Ned6 19. Nexc4 bxc4 20. Bc2 Bc6 21. f4
Qd7 22. f5 exf5 23. Bxd6 Bxd6 24. Bxf5 Qe7 25. Qxe7 Bxe7 26. Rfe1 Bd6 27. Re2
Rab8 28. Nf3 Rb7 29. Ng5 $11 g6 30. Bc2 Rfb8 31. Rf1 h6 32. Nxf7 Rxf7 33. Bxg6
Rxf1+ 34. Kxf1 Rf8+ 35. Kg2 Kg7 36. Bf5 Re8 37. Rf2 Re7 38. h3 Re3 39. h4 Bg3
40. Rf1 Bxh4 0-1

[Event "SG Solingen 3 - SG Bochum 2"]
[Site "NRW-Klasse, Gruppe 1 2010/201"]
[Date "2011.01.09"]
[Round "5.1"]
[White "Dahm, Jochen"]
[Black "Gupta, Milon"]
[Result "1/2-1/2"]
[WhiteElo "2341"]
[BlackElo "2243"]
[PlyCount "68"]
[EventDate "2011.??.??"]

1. e4 d6 2. d4 Nf6 3. Nc3 e5 4. Nf3 Nbd7 5. g3 g6 6. Bg2 Bg7 7. O-O O-O 8. Re1
h6 9. a4 a5 10. Nb5 exd4 11. Nfxd4 Nc5 12. Nb3 Bg4 13. Qd2 Nxb3 14. cxb3 Nd7
15. h3 Be6 16. b4 axb4 17. Qxb4 Nc5 18. Ra3 Qd7 19. Rd1 Na6 20. Qa5 b6 21. Qe1
Bxh3 22. b4 Bxg2 23. Kxg2 Rfe8 24. Bf4 f5 25. Re3 Rxe4 26. Rxe4 Qc6 27. Nxc7
Nxc7 28. Rxd6 Qxe4+ 29. Qxe4 fxe4 30. Rxg6 Kh7 31. Rxb6 Nd5 32. a5 Nxf4+ 33.
gxf4 Bd4 34. Re6 Bc3 1/2-1/2

[Event "SG Solingen 3 - SG Bochum 2"]
[Site "NRW-Klasse, Gruppe 1 2010/201"]
[Date "2011.01.09"]
[Round "5.2"]
[White "Auer, Martin"]
[Black "Schlawin, Marlon"]
[Result "1/2-1/2"]
[WhiteElo "2236"]
[BlackElo "2186"]
[PlyCount "29"]
[EventDate "2011.??.??"]

1. Nf3 e6 2. c4 c5 3. g3 b6 4. Bg2 Bb7 5. O-O Nf6 6. Nc3 Be7 7. d4 cxd4 8. Qxd4
d6 9. Bg5 a6 10. Bxf6 Bxf6 11. Qf4 O-O 12. Rfd1 Be7 13. Ne4 Bxe4 14. Qxe4 Ra7
15. Nd4 1/2-1/2

[Event "SG Solingen 3 - SG Bochum 2"]
[Site "NRW-Klasse, Gruppe 1 2010/201"]
[Date "2011.01.09"]
[Round "5.4"]
[White "Hobusch, Alexander"]
[Black "Tkachuk, Konstantyn"]
[Result "1-0"]
[WhiteElo "2170"]
[BlackElo "2166"]
[PlyCount "67"]
[EventDate "2011.??.??"]

1. d4 Nf6 2. Nf3 g6 3. c4 Bg7 4. Nc3 O-O 5. e4 d6 6. Be2 e5 7. Be3 Nc6 8. d5
Ne7 9. Nd2 Ne8 10. c5 f5 11. f3 f4 12. Bf2 g5 13. Nc4 Rf7 14. cxd6 cxd6 15. Qb3
Ng6 16. Qa3 a6 17. Nb6 Rb8 18. Nca4 Nh4 19. O-O h5 20. Nxc8 Rxc8 21. Rac1 Rxc1
22. Rxc1 Bf8 23. Bb6 Qd7 24. Bf2 Rg7 25. Nb6 Qe7 26. Rc8 Nf6 27. Nc4 Kh7 28.
Nxd6 Qxd6 29. Bc5 Qd7 30. Rxf8 g4 31. Rxf6 gxf3 32. Bxf3 Qh3 33. Rf7 Qxf3 34.
Rxg7+ 1-0

[Event "SG Solingen 3 - SG Bochum 2"]
[Site "NRW-Klasse, Gruppe 1 2010/201"]
[Date "2011.01.09"]
[Round "5.5"]
[White "Werthebach, Felix"]
[Black "Blasek, Ralph"]
[Result "1-0"]
[WhiteElo "2136"]
[BlackElo "2149"]
[PlyCount "103"]
[EventDate "2011.??.??"]

1. c4 c6 2. g3 h5 3. h4 d6 4. Bg2 Nf6 5. Nc3 e5 6. d3 Be7 7. Nf3 Bg4 8. Rb1
Nbd7 9. b4 Rc8 10. Ng5 O-O 11. O-O a6 12. a4 Nb6 13. a5 Na8 14. Nf3 Qd7 15. Re1
Rfe8 16. Qb3 Bd8 17. Ng5 Nc7 18. f3 Bf5 19. e4 Be6 20. Na4 Qe7 21. Be3 Nh7 22.
Nxh7 Kxh7 23. d4 d5 24. exd5 cxd5 25. dxe5 dxc4 26. Qc2+ g6 27. Bc5 Bf5 28.
Qxf5 gxf5 29. Bxe7 Bxe7 30. Nb6 Rcd8 31. Nxc4 f4 32. gxf4 Nd5 33. f5 Bxb4 34.
Red1 Rg8 35. Rxd5 Rxd5 36. Rxb4 Rd4 37. Kf2 Rxh4 38. Bf1 Rh2+ 39. Ke3 Rh1 40.
Bd3 Re1+ 41. Kf2 Rd1 42. Ke2 Rgg1 43. f6+ Kh6 44. Nd6 h4 45. Rxh4+ Kg5 46. Rg4+
Rxg4 47. Nxf7+ Kf4 48. fxg4 Ra1 49. e6 Ra2+ 50. Kd1 Ke3 51. e7 Kxd3 52. Ne5+
1-0

[Event "SG Solingen 3 - SG Bochum 2"]
[Site "NRW-Klasse, Gruppe 1 2010/201"]
[Date "2011.01.09"]
[Round "5.6"]
[White "Schockenbaeumer, Dirk"]
[Black "Mazarov, Juergen"]
[Result "1/2-1/2"]
[WhiteElo "2109"]
[BlackElo "2117"]
[PlyCount "25"]
[EventDate "2011.??.??"]

1. e4 e5 2. Nf3 Nf6 3. Nxe5 d6 4. Nf3 Nxe4 5. d4 d5 6. Bd3 Nc6 7. O-O Be7 8. c4
Nf6 9. Nc3 O-O 10. cxd5 Nb4 11. Bc4 Nbxd5 12. Ne5 c6 13. Qb3 1/2-1/2

[Event "SG Solingen 3 - SG Bochum 2"]
[Site "NRW-Klasse, Gruppe 1 2010/201"]
[Date "2011.01.09"]
[Round "5.7"]
[White "Kelbling, Philipp"]
[Black "Peschel, Andreas"]
[Result "1-0"]
[WhiteElo "2112"]
[BlackElo "2077"]
[PlyCount "143"]
[EventDate "2011.??.??"]

1. e4 g6 2. d4 Bg7 3. Nc3 c6 4. Nf3 d5 5. h3 dxe4 6. Nxe4 Nd7 7. Bd3 Ngf6 8.
Nxf6+ Nxf6 9. O-O O-O 10. Re1 Qc7 11. c3 b6 12. Qe2 e6 13. Bg5 Nd5 14. Qd2 f6
15. Bh4 Nf4 16. Bg3 e5 17. Bxf4 exf4 18. Re4 Bh6 19. Rae1 Bd7 20. Qc2 Rae8 21.
Qb3+ Kh8 22. Rxe8 Rxe8 23. Qf7 Rf8 24. Qe7 Qd8 25. Bc4 b5 26. Bb3 Bg7 27. Qd6
Re8 28. Rxe8+ Qxe8 29. Qxf4 a5 30. a4 h5 31. Qc7 g5 32. axb5 cxb5 33. Bd5 a4
34. Qd6 Bf5 35. Bc6 Qe2 36. Qb8+ Kh7 37. Qxb5 Qd1+ 38. Kh2 Bc2 39. Bd7 Qb1 40.
c4 Bd3 41. h4 Bf8 42. Qd5 Bg6 43. hxg5 Qxb2 44. Bxa4 Qxf2 45. Qe6 fxg5 46.
Nxg5+ Kg7 47. Nf3 h4 48. c5 Qg3+ 49. Kh1 Kh7 50. Bb3 Bd3 51. Qf7+ Bg7 52. Qh5+
Bh6 53. Qxh4 Qxh4+ 54. Nxh4 Be3 55. c6 Bf4 56. Nf3 Bc7 57. Kg1 Kg7 58. Kf2 Be4
59. d5 Kf6 60. Ke3 Bg6 61. Kd4 Bg3 62. Kc5 Ke7 63. Bc4 Be4 64. Kd4 Bh7 65. Bd3
Bf2+ 66. Kc4 Bg8 67. Nd4 Kd6 68. Be4 Ke5 69. Bf3 Kf6 70. Nb5 Bh7 71. c7 Bf5 72.
Nd6 1-0

[Event "SG Solingen 3 - SG Bochum 2"]
[Site "NRW-Klasse, Gruppe 1 2010/201"]
[Date "2011.01.09"]
[Round "5.8"]
[White "Kniest, Oliver"]
[Black "Tkachuk, Sergij"]
[Result "0-1"]
[WhiteElo "2279"]
[BlackElo "2200"]
[PlyCount "50"]
[EventDate "2011.??.??"]

1. d4 Nf6 2. c4 g6 3. Nc3 Bg7 4. e4 d6 5. f4 O-O 6. Nf3 e5 7. dxe5 dxe5 8. Nxe5
Qe7 9. Be2 Rd8 10. Qc2 Qc5 11. Bd2 Be6 12. O-O-O Nc6 13. Nxc6 bxc6 14. Na4 Qd4
15. f5 Qxe4 16. fxe6 Qxe2 17. exf7+ Kxf7 18. Bf4 Rxd1+ 19. Rxd1 Qe7 20. Qd2 Re8
21. Qd3 Qe4 22. g3 Re7 23. Nc3 Qg2 24. Rf1 h6 25. Qf3 Re1+ 0-1

[Event "SC Hansa Dortmund 2 - SG Solingen 3"]
[Site "NRW-Klasse, Gruppe 1 2010/201"]
[Date "2011.01.30"]
[Round "6.1"]
[White "Schlecht, Daniel"]
[Black "Karger, Frank"]
[Result "1-0"]
[WhiteElo "2360"]
[BlackElo "2245"]
[PlyCount "79"]
[EventDate "2011.??.??"]

1. d4 Nf6 2. c4 g6 3. Nc3 Bg7 4. e4 d6 5. Nf3 O-O 6. Be2 e5 7. O-O Nc6 8. d5
Ne7 9. Nd2 a5 10. a3 Nd7 11. Rb1 f5 12. b4 axb4 13. axb4 Kh8 14. Qc2 fxe4 15.
Ncxe4 Nf5 16. Bb2 c6 17. Rbd1 cxd5 18. cxd5 Nb6 19. Qb3 Bd7 20. b5 Ra4 21. Nc4
Nxc4 22. Bxc4 Ra8 23. Qb4 Qa5 24. Qxa5 Rxa5 25. Ra1 Rfa8 26. g4 Nh4 27. Nxd6
Nf3+ 28. Kg2 Nd2 29. Rxa5 Rxa5 30. Rc1 Ra4 31. Be2 Bxg4 32. f3 Nxf3 33. Bxf3
Bxf3+ 34. Kxf3 e4+ 35. Nxe4 Bxb2 36. Rc8+ Kg7 37. Rc7+ Kh6 38. Rxb7 Be5 39. h4
Ra3+ 40. Ke2 1-0

[Event "SC Hansa Dortmund 2 - SG Solingen 3"]
[Site "NRW-Klasse, Gruppe 1 2010/201"]
[Date "2011.01.30"]
[Round "6.2"]
[White "Eismont, Oleg"]
[Black "Gupta, Milon"]
[Result "1-0"]
[WhiteElo "2246"]
[BlackElo "2243"]
[PlyCount "125"]
[EventDate "2011.??.??"]

1. e4 d6 2. d4 Nf6 3. Nc3 g6 4. f4 Bg7 5. Nf3 c5 6. d5 O-O 7. a4 e6 8. dxe6
Bxe6 9. Be2 Nc6 10. O-O a6 11. Kh1 d5 12. e5 Nd7 13. Ng5 Ne7 14. Bg4 Nf5 15.
Bxf5 gxf5 16. Nxd5 Nxe5 17. fxe5 Qxd5 18. Qh5 h6 19. Nxe6 Qxe6 20. Rxf5 Rad8
21. Be3 Rd5 22. Raf1 Rxe5 23. Rxe5 Qxe5 24. Qxe5 Bxe5 25. Bxh6 Rd8 26. b3 c4
27. g3 cxb3 28. cxb3 Rd3 29. Re1 f6 30. Re3 Rd4 31. Rf3 Rb4 32. Kg2 Kf7 33. Bd2
Rb6 34. h4 Rc6 35. Rd3 Ke6 36. Kf3 Rc8 37. Bf4 Rc2 38. Bd2 Rc8 39. Bf4 Rc2 40.
Bxe5 fxe5 41. g4 Rh2 42. h5 Rh3+ 43. Ke4 Rh4 44. Rg3 b5 45. a5 Rh1 46. g5 Rh4+
47. Ke3 Rxh5 48. g6 Rh8 49. g7 Rg8 50. Ke4 Kf7 51. Kxe5 Re8+ 52. Kd4 Kg8 53.
Rg6 Rd8+ 54. Kc5 Rd3 55. b4 Rc3+ 56. Kb6 Rc4 57. Kxa6 Rxb4 58. Kb7 Re4 59. a6
Re7+ 60. Kb6 b4 61. a7 Re8 62. Kb7 Re7+ 63. Ka6 1-0

[Event "SC Hansa Dortmund 2 - SG Solingen 3"]
[Site "NRW-Klasse, Gruppe 1 2010/201"]
[Date "2011.01.30"]
[Round "6.3"]
[White "Auer, Martin"]
[Black "Ackermann, Hans Werner"]
[Result "1/2-1/2"]
[WhiteElo "2236"]
[BlackElo "2236"]
[PlyCount "39"]
[EventDate "2011.??.??"]

1. c4 e5 2. Nc3 Nc6 3. g3 h5 4. h4 Bc5 5. Bg2 Nf6 6. d3 Ng4 7. Nh3 a6 8. Bd2
Ba7 9. Nd5 Ne7 10. Nxe7 Qxe7 11. Bc3 c6 12. Qd2 d6 13. e3 Bf5 14. Ng5 f6 15.
Ne4 Rd8 16. Bb4 Bc5 17. Rd1 Kf7 18. Ke2 g6 19. Bxc5 dxc5 20. Qa5 1/2-1/2

[Event "SC Hansa Dortmund 2 - SG Solingen 3"]
[Site "NRW-Klasse, Gruppe 1 2010/201"]
[Date "2011.01.30"]
[Round "6.4"]
[White "Kotter, Ralf"]
[Black "Scheffner, Axel"]
[Result "1-0"]
[WhiteElo "2220"]
[BlackElo "2251"]
[PlyCount "67"]
[EventDate "2011.??.??"]

1. e4 c6 2. d4 d5 3. e5 c5 4. dxc5 e6 5. Be3 Nh6 6. Bd3 Nd7 7. Nf3 Nxc5 8. O-O
Nxd3 9. Qxd3 Bd7 10. Re1 Nf5 11. Bg5 Qb6 12. Qb3 Bc5 13. Qxb6 Bxb6 14. g4 h6
15. Bc1 Ne7 16. Be3 Bc7 17. Nbd2 f6 18. Bd4 f5 19. gxf5 Nxf5 20. Bc5 g5 21. c3
g4 22. Nd4 Nh4 23. Re3 Rg8 24. c4 O-O-O 25. cxd5 exd5 26. Kf1 Nf5 27. Nxf5 Bxf5
28. Rc1 Kd7 29. Nb3 b6 30. Ba3 Rde8 31. Nd4 Be4 32. e6+ Kd8 33. Rec3 Rg7 34.
e7+ 1-0

[Event "SC Hansa Dortmund 2 - SG Solingen 3"]
[Site "NRW-Klasse, Gruppe 1 2010/201"]
[Date "2011.01.30"]
[Round "6.5"]
[White "Hubert, Ralf"]
[Black "Rumpf, Thomas"]
[Result "1-0"]
[WhiteElo "2219"]
[BlackElo "2090"]
[PlyCount "59"]
[EventDate "2011.??.??"]

1. d4 Nf6 2. c4 c5 3. d5 b5 4. Nd2 e5 5. cxb5 Qa5 6. e4 d6 7. Qc2 a6 8. b4 Qxb4
9. Rb1 Qa5 10. b6 Bd7 11. Bc4 Be7 12. Ne2 Qa4 13. Qd3 Bg4 14. f3 Bh5 15. Nc3
Qd7 16. Nb5 axb5 17. Bxb5 Rxa2 18. Bxd7+ Nfxd7 19. Qb3 Ra6 20. Nc4 O-O 21. Bd2
f5 22. O-O fxe4 23. fxe4 Nf6 24. Bg5 Be2 25. Bxf6 gxf6 26. Rf2 Bxc4 27. Qxc4
Bd8 28. Ra2 Rxb6 29. Rxb6 Bxb6 30. Qb5 1-0

[Event "SC Hansa Dortmund 2 - SG Solingen 3"]
[Site "NRW-Klasse, Gruppe 1 2010/201"]
[Date "2011.01.30"]
[Round "6.6"]
[White "Linker, Walter"]
[Black "Hobusch, Alexander"]
[Result "1/2-1/2"]
[WhiteElo "2074"]
[BlackElo "2170"]
[PlyCount "28"]
[EventDate "2011.??.??"]

1. b3 d5 2. e3 Nf6 3. Bb2 e6 4. f4 Bd6 5. Nf3 c5 6. Bb5+ Bd7 7. Bxd7+ Nbxd7 8.
O-O Qe7 9. d4 O-O 10. Nbd2 b5 11. dxc5 Bxc5 12. Nd4 Rfc8 13. N2f3 Ne4 14. Qe1
Rab8 1/2-1/2

[Event "SC Hansa Dortmund 2 - SG Solingen 3"]
[Site "NRW-Klasse, Gruppe 1 2010/201"]
[Date "2011.01.30"]
[Round "6.7"]
[White "Schockenbaeumer, Dirk"]
[Black "Babar, Michael"]
[Result "1/2-1/2"]
[WhiteElo "2109"]
[BlackElo "2158"]
[Annotator "Hausrath,Daniel"]
[PlyCount "52"]
[EventDate "2011.??.??"]

1. e4 d6 2. d4 g6 3. Nc3 Bg7 4. h3 Nd7 5. Nf3 c6 6. a4 Qc7 7. Be2 Ngf6 8. O-O
O-O 9. Be3 Re8 10. Qd2 b6 11. Bh6 Bb7 12. Rfe1 e5 13. dxe5 dxe5 14. Bc4 Nf8 15.
Rad1 Rad8 16. Qe3 Bc8 17. Bxg7 Kxg7 18. Ng5 Rxd1 19. Rxd1 Be6 20. Nxe6+ Nxe6
21. Bxe6 Rxe6 22. Qd3 $11 Ne8 23. Qd7 Re7 24. Qxc7 Nxc7 25. Rd6 c5 26. Nd5 Nxd5
1/2-1/2

[Event "SC Hansa Dortmund 2 - SG Solingen 3"]
[Site "NRW-Klasse, Gruppe 1 2010/201"]
[Date "2011.01.30"]
[Round "6.8"]
[White "Prueske, Wolfgang"]
[Black "Peschel, Andreas"]
[Result "1/2-1/2"]
[WhiteElo "2030"]
[BlackElo "2077"]
[PlyCount "64"]
[EventDate "2011.??.??"]

1. e4 e6 2. d4 d5 3. Nc3 Bb4 4. exd5 exd5 5. Bd3 Nf6 6. Nge2 O-O 7. O-O Re8 8.
Bg5 Be7 9. Ng3 Nc6 10. Re1 Bg4 11. f3 Be6 12. Bf1 Nd7 13. Be3 Bh4 14. Bf2 Ne7
15. Nce2 Nf8 16. Nf4 Neg6 17. Nd3 Qf6 18. Qd2 Rad8 19. c3 Bc8 20. Nh5 Bxf2+ 21.
Qxf2 Qg5 22. Ng3 Ne6 23. Ne2 Nef4 24. Ndxf4 Nxf4 25. Nxf4 Qxf4 26. Bd3 g6 27.
g3 Qf6 28. f4 Bf5 29. Bxf5 Qxf5 30. Re5 Rxe5 31. fxe5 Qxf2+ 32. Kxf2 f6 1/2-1/2

[Event "LSV Turm Lippstadt 1 - SV Letmathe 1"]
[Site "NRW-Klasse, Gruppe 1 2010/201"]
[Date "2011.01.30"]
[Round "6.1"]
[White "Podzielny, Karl-Heinz"]
[Black "Wehmeier, Stefan"]
[Result "1-0"]
[WhiteElo "2405"]
[BlackElo "2445"]
[PlyCount "141"]
[EventDate "2011.??.??"]

1. Nf3 Nf6 2. c4 e6 3. g3 d5 4. Bg2 c5 5. O-O Nc6 6. d4 cxd4 7. Nxd4 Bc5 8. Nb3
Be7 9. Nc3 dxc4 10. Nd2 Ne5 11. h3 O-O 12. Qc2 Nd5 13. Rd1 Nxc3 14. Qxc3 Bf6
15. Qc2 Bd7 16. Ne4 Qe7 17. Nxf6+ gxf6 18. f4 Nc6 19. Qxc4 Rac8 20. Be3 b6 21.
a3 Na5 22. Qb4 Qe8 23. Qd4 Nb3 24. Qxf6 Qd8 25. Qh6 f6 26. Rab1 Qe7 27. Rd3 Ba4
28. Qh4 Rc2 29. f5 Nc5 30. fxe6 Nxd3 31. Qxa4 Qxe6 32. Qxc2 Qxe3+ 33. Kh2 Ne5
34. Rf1 Kg7 35. Rf4 Rf7 36. Rh4 h6 37. Rf4 Ng6 38. Re4 Qf2 39. Qd2 Kh7 40. Qd5
Rg7 41. Qd4 Qf5 42. Re8 Qd7 43. Qe4 f5 44. Qe6 Qxe6 45. Rxe6 Rd7 46. Rf6 Kg7
47. Rxf5 Rd2 48. Bf3 Rxb2 49. Rd5 a5 50. h4 Rb3 51. Rd7+ Kf6 52. Rd6+ Kg7 53.
Re6 Nf8 54. Re7+ Kf6 55. Rb7 Ng6 56. a4 Ne5 57. Bh5 Kf5 58. Kh3 Rb4 59. Be8 Nc4
60. Bb5 h5 61. Bxc4 Rxc4 62. Rxb6 Rxa4 63. Rh6 Ke4 64. Rxh5 Ke3 65. Re5+ Kf2
66. h5 Ra3 67. Rf5+ Kxe2 68. h6 Ra1 69. Kg4 Ra4+ 70. Rf4 Ra1 71. Kg5 1-0

[Event "LSV Turm Lippstadt 1 - SV Letmathe 1"]
[Site "NRW-Klasse, Gruppe 1 2010/201"]
[Date "2011.01.30"]
[Round "6.2"]
[White "Matthias, Heiner"]
[Black "Oswald, Hans-Joachim"]
[Result "1/2-1/2"]
[WhiteElo "2351"]
[BlackElo "2262"]
[PlyCount "88"]
[EventDate "2011.??.??"]

1. e4 g6 2. d4 Bg7 3. Nc3 d6 4. Be3 a6 5. Qd2 b5 6. f3 Nd7 7. a4 b4 8. Nd1 Rb8
9. Ne2 e5 10. Nf2 Ne7 11. Bh6 Bxh6 12. Qxh6 Ng8 13. Qd2 Qe7 14. b3 Ngf6 15.
O-O-O O-O 16. Kb1 exd4 17. Qxd4 Bb7 18. Nf4 Qe5 19. Qxe5 Nxe5 20. N2d3 Nxd3 21.
Bxd3 Rfe8 22. Kb2 g5 23. Nh3 Re5 24. Nf2 Kg7 25. h4 h6 26. hxg5 hxg5 27. Bc4 a5
28. Nd3 Re7 29. Nc1 Re5 30. Nd3 Re7 31. Rhe1 Nd7 32. Nf2 Ne5 33. Bb5 Rh8 34.
Nh1 Rh2 35. Ng3 Bc8 36. Bf1 Be6 37. Re3 Re8 38. Rd2 Rb8 39. Bb5 Kf6 40. Bf1 Ke7
41. Bb5 Rb6 42. Bf1 Rb8 43. Bb5 Rb6 44. Bf1 Rb8 1/2-1/2

[Event "LSV Turm Lippstadt 1 - SV Letmathe 1"]
[Site "NRW-Klasse, Gruppe 1 2010/201"]
[Date "2011.01.30"]
[Round "6.3"]
[White "Adamski, Jan"]
[Black "Brenke, Andreas"]
[Result "1-0"]
[WhiteElo "2240"]
[BlackElo "2315"]
[PlyCount "55"]
[EventDate "2011.??.??"]

1. Nf3 Nf6 2. c4 Nc6 3. d4 e6 4. a3 d6 5. Nc3 g6 6. e4 Bg7 7. Be2 O-O 8. O-O
Re8 9. Be3 e5 10. dxe5 Nxe5 11. Nxe5 dxe5 12. Qxd8 Rxd8 13. Nb5 c6 14. Nc7 Rb8
15. Bxa7 Bd7 16. f3 Rbc8 17. Bb6 Bh3 18. Rfd1 Rxd1+ 19. Rxd1 Nd7 20. c5 Bf8 21.
b4 Nxb6 22. cxb6 Be6 23. Nxe6 fxe6 24. Rd7 Ra8 25. Rxb7 Rxa3 26. Rb8 Rb3 27. b5
cxb5 28. b7 1-0

[Event "LSV Turm Lippstadt 1 - SV Letmathe 1"]
[Site "NRW-Klasse, Gruppe 1 2010/201"]
[Date "2011.01.30"]
[Round "6.4"]
[White "Jesse, Ingemars"]
[Black "Soukup, Jiri"]
[Result "1/2-1/2"]
[WhiteElo "2252"]
[BlackElo "2281"]
[PlyCount "49"]
[EventDate "2011.??.??"]

1. e4 e5 2. Nf3 Nc6 3. d4 exd4 4. Nxd4 Bc5 5. Be3 Qf6 6. c3 Nge7 7. g3 d6 8.
Bg2 Bd7 9. O-O Ne5 10. h3 Nc4 11. Bc1 Nc6 12. Nxc6 Bxc6 13. Nd2 Ne5 14. Qe2 h5
15. Nf3 Nxf3+ 16. Qxf3 Qxf3 17. Bxf3 O-O-O 18. b4 Bb6 19. a4 a6 20. Re1 Rde8
21. a5 Ba7 22. Be3 Bxe3 23. Rxe3 Re5 24. Rae1 g5 25. Bd1 1/2-1/2

[Event "LSV Turm Lippstadt 1 - SV Letmathe 1"]
[Site "NRW-Klasse, Gruppe 1 2010/201"]
[Date "2011.01.30"]
[Round "6.6"]
[White "Fecke, Andreas"]
[Black "Gruermann, Martin"]
[Result "1/2-1/2"]
[WhiteElo "2076"]
[BlackElo "2124"]
[PlyCount "48"]
[EventDate "2011.??.??"]

1. e4 Nf6 2. d3 d5 3. Nd2 e5 4. Ngf3 Nc6 5. Be2 Bc5 6. O-O O-O 7. c3 a5 8. b3
Qe7 9. a3 Rd8 10. Qc2 d4 11. c4 Nd7 12. Re1 Nf8 13. Nf1 Ne6 14. g3 g5 15. h4 h6
16. hxg5 hxg5 17. N1h2 f6 18. Ng4 Qg7 19. Nfh2 Bd7 20. Bf3 Kf7 21. Qe2 Rh8 22.
Bd2 Qf8 23. Bc1 Qg7 24. Bd2 Qf8 1/2-1/2

[Event "LSV Turm Lippstadt 1 - SV Letmathe 1"]
[Site "NRW-Klasse, Gruppe 1 2010/201"]
[Date "2011.01.30"]
[Round "6.7"]
[White "Haude, Ruediger"]
[Black "Roemhild, Marcus"]
[Result "0-1"]
[WhiteElo "2080"]
[BlackElo "1997"]
[PlyCount "70"]
[EventDate "2011.??.??"]

1. c4 c5 2. Nc3 g6 3. g3 Nc6 4. Bg2 Bg7 5. e3 d6 6. Nge2 e5 7. a3 Nge7 8. d3
Be6 9. Nd5 O-O 10. Bd2 Rb8 11. Bc3 Qd7 12. h4 b5 13. Qc2 a6 14. Bd2 Rfc8 15. e4
bxc4 16. dxc4 Nd4 17. Nxd4 exd4 18. Rb1 Nc6 19. f4 Re8 20. O-O f5 21. Rfe1 Ne7
22. b4 fxe4 23. Bxe4 Bxd5 24. cxd5 Qg4 25. Kh2 Nf5 26. Bxf5 gxf5 27. Qd3 Rbc8
28. bxc5 dxc5 29. Qc4 Kh8 30. d6 Rg8 31. Qe6 Rcf8 32. Rg1 Bf6 33. Be1 Bxh4 34.
Bf2 Bf6 35. Rb3 Rg6 0-1

[Event "LSV Turm Lippstadt 1 - SV Letmathe 1"]
[Site "NRW-Klasse, Gruppe 1 2010/201"]
[Date "2011.01.30"]
[Round "6.8"]
[White "Chapman, Alan"]
[Black "Hunold, Rolf"]
[Result "0-1"]
[WhiteElo "1967"]
[BlackElo "1958"]
[PlyCount "94"]
[EventDate "2011.??.??"]

1. e4 c5 2. Nf3 e6 3. d4 cxd4 4. Nxd4 a6 5. Bd3 Qc7 6. O-O Nf6 7. Qe2 d6 8. c4
Nc6 9. Nxc6 bxc6 10. Nc3 e5 11. Bg5 Be7 12. Na4 Qa5 13. b3 c5 14. Rad1 Bd7 15.
Bd2 Qc7 16. Nc3 h6 17. Bb1 Bg4 18. f3 Be6 19. g4 g5 20. a3 Rb8 21. Bc2 Qc8 22.
h3 Kf8 23. Be3 Qd8 24. Bxc5 Nd7 25. Be3 Qa5 26. Na4 Kg7 27. Kg2 Nf8 28. b4 Qc7
29. c5 dxc5 30. Nxc5 Bxc5 31. Bxc5 Ng6 32. Qd2 Rbd8 33. Qf2 Nf4+ 34. Kg3 Rxd1
35. Rxd1 h5 36. Rh1 hxg4 37. fxg4 Rh4 38. Be3 Bxg4 39. Rh2 Be6 40. Bxf4 exf4+
41. Kg2 Qc3 42. Kg1 Bxh3 43. Bd1 Qxa3 44. Qd4+ Kh7 45. Qf2 Qxb4 46. e5 Kg7 47.
Qd2 Qc5+ 0-1

[Event "SG Bochum 2 - SF Neuenkirchen 1"]
[Site "NRW-Klasse, Gruppe 1 2010/201"]
[Date "2011.01.30"]
[Round "6.1"]
[White "Muschik, Benedikt"]
[Black "Dahm, Jochen"]
[Result "1/2-1/2"]
[WhiteElo "2235"]
[BlackElo "2341"]
[Annotator "Hausrath,Daniel"]
[PlyCount "134"]
[EventDate "2011.??.??"]

1. d4 c5 2. c3 cxd4 3. cxd4 d5 4. Bf4 Qb6 5. Nc3 Nf6 6. Rc1 Nc6 7. e3 a6 8. Bd3
Qxb2 9. Nf3 Qb6 10. O-O e6 11. Ne5 Nxe5 12. Bxe5 Bd6 13. Qa4+ Bd7 14. Bb5 Bxb5
15. Nxb5 Qxb5 16. Qxb5+ axb5 17. Bxd6 Ne4 18. Bb4 Kd7 19. Rc2 Rhc8 20. Rb2 $11
Rc4 21. f3 Nf6 22. Rfb1 Ne8 23. Bc5 Nc7 24. Bb6 Ra3 25. Bxc7 Rxc7 26. Rxb5 Rxe3
27. Rxb7 Re1+ 28. Rxe1 Rxb7 29. Re2 Rb4 30. Rd2 g5 31. Kf2 Kd6 32. Ke3 f6 33.
Kd3 e5 34. dxe5+ fxe5 35. Kc3 Rc4+ 36. Kb3 g4 37. a4 gxf3 38. gxf3 Rf4 39. Rd3
d4 40. Kc4 Rh4 41. Rd2 Rf4 42. Rd3 Rf8 43. Rb3 Rc8+ 44. Kd3 Rc1 45. f4 Rd1+ 46.
Ke2 Ra1 47. fxe5+ Kxe5 48. Kd3 Rxa4 49. Rb5+ Kf6 50. Rh5 Kg6 51. Rh4 Ra3+ 52.
Kd2 d3 53. Rg4+ Kh5 54. Rg3 Kh4 55. Rxd3 Ra2+ 56. Ke1 Rxh2 57. Kf1 h5 58. Ra3
Rb2 59. Kg1 Rb6 60. Ra4+ Kg3 61. Ra3+ Kg4 62. Ra4+ Kg5 63. Ra5+ Kh6 64. Kg2
Rg6+ 65. Kh3 Rc6 66. Ra4 Rc5 67. Kh4 Rb5 1/2-1/2